000 01589nam a2200481 i 4500
001 33036
003 KOSZ 005
005 20200508112709.0
008 981118s1985 pl a f |000 0 pol
015 _aUWD 1985/9157
020 _a8320407125
035 _a991008368989705066
035 _a(PL-WaBN)b12160222-48omnis_nlop
035 _ab12160222
035 _a(OCoLC)750001423
035 _a(PL)b0000001216022
035 _a(EXLNZ-48OMNIS_NETWORK)9910514081605606
040 _aWA N
_cWA N
_dKOSZ 005/HR
041 0 _apol
080 _a621.3.049.77
100 1 _aKuźmicz, Wiesław
_eAutor
245 1 0 _aProjektowanie analogowych układów scalonych /
_cWiesław Kuźmicz.
250 _aWyd. 2 zm.
260 _aWarszawa :
_bWydawnictwa Naukowo-Techniczne,
_c1985.
300 _a371, [1] s. :
_brys., wykr. ;
_c24 cm.
336 _aTekst
_btxt
_2rdacontent
337 _aBez urządzenia pośredniczącego
_bn
_2rdamedia
338 _aWolumin
_bnc
_2rdacarrier
380 _aKsiążki
380 _aPublikacje fachowe
388 _a1901-2000
388 _a1945-1989
490 1 _aUkłady i Systemy Elektroniczne
650 7 _aUkład scalony
_2DBN
650 7 _aAnalogowy układ elektroniczny
650 7 _aProjektowanie
658 _aInżynieria i technika
710 2 _aWydawnictwa Naukowo-Techniczne
_4pbl
856 _uhttp://koha.tu.koszalin.pl/cgi-bin/koha/opac-detail.pl?biblionumber=33036
_zKatalog online BPK
830 0 _aUkłady i Systemy Elektroniczne
942 _2UKD
_cKS
999 _c33036
_d33036